Les NFT en 40 questions : Des réponses claires et détaillées pour comprendre les Non Fungible Tokens (notice n° 1566219)

détails MARC
000 -LEADER
fixed length control field 01583cam a2200181 4500500
005 - DATE AND TIME OF LATEST TRANSACTION
control field 20251214001511.0
041 ## - LANGUAGE CODE
Language code of text/sound track or separate title fre
042 ## - AUTHENTICATION CODE
Authentication code dc
100 10 - MAIN ENTRY--PERSONAL NAME
Personal name Dumas, Jean-Guillaume
Relator term author
245 00 - TITLE STATEMENT
Title Les NFT en 40 questions : Des réponses claires et détaillées pour comprendre les Non Fungible Tokens
260 ## - PUBLICATION, DISTRIBUTION, ETC.
Name of publisher, distributor, etc. Armand Colin,<br/>
Date of publication, distribution, etc. 2022.<br/>
520 ## - SUMMARY, ETC.
Summary, etc. Apparus en 2017, les jetons non fongibles ont généré en 2021 plusieurs millions d’euros et impacté de nombreux domaines allant de la mode aux paris hippique en passant par l’art et le sport. L’objectif de ce livre est d’expliquer comment fonctionnent les NFT et de présenter simplement leurs caractéristiques spécifiques. Ce livre est conçu pour répondre non seulement aux questions que vous vous posez sur l’univers des NFT… mais aussi à celles que vous ne vous étiez pas encore posées. Qu’est-ce qu’un contrat intelligent ? Quel a été le premier NFT ? Quels sont les jetons fongibles et non fongibles ? Comment les NFT révolutionnent-ils les titres de propriété ? Que peut-on acheter ou vendre grâce aux NFT ? Comment les NFT sont-ils utilisés dans l’art ? Qu’est-ce que le norme ERC-721 pour les NFT sur Ethereum ? Les réponses à toutes ces questions (et à 33 autres) sont dans ce livre.
700 10 - ADDED ENTRY--PERSONAL NAME
Personal name Lafourcade, Pascal
Relator term author
700 10 - ADDED ENTRY--PERSONAL NAME
Personal name Roudeix, Etienne
Relator term author
700 10 - ADDED ENTRY--PERSONAL NAME
Personal name Tichit, Ariane
Relator term author
700 10 - ADDED ENTRY--PERSONAL NAME
Personal name Varrette, Sébastien
Relator term author
856 41 - ELECTRONIC LOCATION AND ACCESS
Uniform Resource Identifier <a href="https://shs.cairn.info/les-nft-en-40-questions--9782100833047?lang=fr&redirect-ssocas=7080">https://shs.cairn.info/les-nft-en-40-questions--9782100833047?lang=fr&redirect-ssocas=7080</a>

Pas d'exemplaire disponible.

PLUDOC

PLUDOC est la plateforme unique et centralisée de gestion des bibliothèques physiques et numériques de Guinée administré par le CEDUST. Elle est la plus grande base de données de ressources documentaires pour les Étudiants, Enseignants chercheurs et Chercheurs de Guinée.

Adresse

627 919 101/664 919 101

25 boulevard du commerce
Kaloum, Conakry, Guinée

Réseaux sociaux

Powered by Netsen Group @ 2025